Vybrané problémy manažmentu organizácií vo verejnej správe s dôrazom na možnosti využitia procesného riadenia
Rozdiely medzi organizáciami verejnej správy a podnikmi. Vybrané faktory prostredia verejných organizácií a ich možné dôsledky pre manažment. Manažment v organizáciách verejnej správy a v podnikoch. Manažment podľa koncepcie "New public management". Procesný prístup v manažmente.
Guardado en:
| Autor principal: | |
|---|---|
| Otros Autores: | |
| Formato: | Capítulo de libro |
| Lenguaje: | eslovaco |
| Materias: | |
| Etiquetas: |
Sin Etiquetas, Sea el primero en etiquetar este registro!
|
MARC
| LEADER | 00000naa a2200000 4500 | ||
|---|---|---|---|
| 001 | 0141849 | ||
| 005 | 20231013084719.6 | ||
| 041 | 0 | |a slo | |
| 044 | |a SK | ||
| 245 | 1 | 0 | |a Vybrané problémy manažmentu organizácií vo verejnej správe s dôrazom na možnosti využitia procesného riadenia |c Silvia Ručinská, Jana Knežová |
| 520 | |a Rozdiely medzi organizáciami verejnej správy a podnikmi. Vybrané faktory prostredia verejných organizácií a ich možné dôsledky pre manažment. Manažment v organizáciách verejnej správy a v podnikoch. Manažment podľa koncepcie "New public management". Procesný prístup v manažmente. | ||
| 610 | 2 | 0 | |a manažment |
| 610 | 2 | 0 | |a riadenie procesné |
| 610 | 2 | 0 | |a podnik |
| 610 | 2 | 0 | |a správa verejná |
| 610 | 2 | 0 | |a kompetencie |
| 100 | 1 | |a Ručinská, Silvia | |
| 700 | 1 | |a Knežová, Jana | |